| 000 | 01650nam a2200349 i 4500 | ||
|---|---|---|---|
| 001 | 53996 | ||
| 003 | ES-MaACL | ||
| 005 | 20250825062628.0 | ||
| 007 | t| | ||
| 008 | 031120s2002 sp f |||| |dspa d | ||
| 020 | _a84-9740-023-2 | ||
| 080 | _a821.134.2-34"18/19"(082.2) | ||
| 080 | _a791.43(0:82) | ||
| 245 | 0 | 0 |
_aCuentos de cine / _cVicente Blasco Ibáñez ... [et al.] ; edición a cargo de Jesús Fernández Vallejo. |
| 260 |
_aMadrid : _bCastalia, _c[2002] |
||
| 300 |
_a209 p., [6] p. de lám. ; _c19 cm. |
||
| 490 | 1 |
_aCastalia prima ; _v19 |
|
| 504 | _aBibliografía: p. 205-208. | ||
| 505 | 0 | _aLa vieja del cinema / Vicente Blasco Ibáñez . Una película del "Quijote" / Serafín y Joaquín Álvarez Quintero . Polar, estrella / Francisco Ayala . La oficina / Carmen Martín Gaite . Cinema Ideal / Rafael Azcona . El doble / Jesús Fernández Santos . El niño lobo del Cine Mari / José María Merino . Adiós, Antinea / Marina Mayoral . Un paciente impaciente / Gonzalo Suárez . Los mejores años de nuestra vida / José Luis Garci | |
| 650 | 4 |
_aCuentos españoles- _yS.XIX. _9172955 |
|
| 650 | 4 |
_aCuentos españoles- _yS.XX. _911487 |
|
| 650 | 4 |
_aCuentos- _vLibros infantiles. _911478 |
|
| 650 | 4 |
_aCine- _xEn la literatura. _9173375 |
|
| 655 | 7 |
_aLibros infantiles _2tgfbne _9226786 |
|
| 700 | 1 |
_aFernández Vallejo, Jesús. _950141 |
|
| 700 | 1 |
_aBlasco Ibáñez, Vicente, _d1867-1928 _929388 |
|
| 700 | 1 |
_aÁlvarez Quintero, Joaquín, _d1873-1944 _920922 |
|
| 700 | 1 |
_aÁlvarez Quintero, Serafín, _d1871-1938 _9226443 |
|
| 830 | 1 |
_aCastalia prima ; _v19 _9182481 |
|
| 852 | 4 |
_aES-MaACL _jL-26681 |
|
| 999 |
_c53996 _d53996 |
||